000 00506nam a2200205Ia 4500
003 OSt
005 20251212122433.0
008 250729s2005 xx 000 0 und d
020 _a978-8174452733
040 _cAL
041 _aeng
082 _a372.8 JAII
100 _aJain Kavitha
_9226997
245 _a Introduction of environment education
260 _aNew Delhi
_c2005
300 _a220p
650 _aEnvironmentEducation
_9226998
700 _aRao Digumurthi
_9226999
942 _2ddc
_cBED
999 _c237495
_d237495